Normal view
MARC view
Entry Topical Term
001 - CONTROL NUMBER
- control field: 15888
003 - CONTROL NUMBER IDENTIFIER
- control field: OSt
005 - DATE AND TIME OF LATEST TRANSACTION
- control field: 20151018143734.0
008 - FIXED-LENGTH DATA ELEMENTS
- fixed length control field: 151018|| aca||aabn | a|a d
040 ## - CATALOGING SOURCE
- Original cataloging agency: OSt
- Transcribing agency: OSt
150 ## - HEADING--TOPICAL TERM
- Topical term or geographic name entry element: History
670 ## - SOURCE DATA FOUND
- Source citation: Work cat.: (OSt)6665: Qureshi, Ishtinq hussain 15887, The Administration of the Mughul Empire, 1979









